| 000 | 00585nam a2200193 a 4500 | ||
|---|---|---|---|
| 005 | 20210223124039.0 | ||
| 008 | 991125n 000 0 spa u | ||
| 035 | _aUPN01000102732 | ||
| 100 |
_aFERNANDEZ LAMARRA, Norberto _936809 |
||
| 222 | _aREVISTA IBEROAMERICANA DE EDUCACION | ||
| 245 | _aLa transformación del sistema educativo : punto críticos y desafíos | ||
| 300 | _a118-123 | ||
| 362 | _a1993 No. 1, ene.-abr. | ||
| 653 | 0 | _aARGENTINA | |
| 653 | 0 | _aLEY FEDERAL DE EDUCACION (ARGENTINA) | |
| 653 | 0 | _aSISTEMA EDUCATIVO | |
| 904 |
_aAC _b040543 |
||
| 905 | _aArticulo | ||
| 999 |
_c78325 _d78325 |
||